Analýza investičného projektu z pohľadu kalkulácie nákladov, jeho financovania a návratnosti diplomová práca

Saved in:
Bibliographic Details
Main Author: Durilová, Veronika
Corporate Author: Fakulta podnikového manažmentu EU. Katedra podnikových financií
Other Authors: Smorada, Marián, 1984-
Format: Book
Language:Slovak
Published: Bratislava 2017
Tags: Add Tag
No Tags, Be the first to tag this record!

MARC

LEADER 00000nbm a2200000 4500
001 0232201
005 20171018101532.1
041 0 |a slo 
044 |a SK 
245 1 0 |a Analýza investičného projektu z pohľadu kalkulácie nákladov, jeho financovania a návratnosti  |b diplomová práca  |c Veronika Durilová ; školiteľ: Marián Smorada 
264 1 |a Bratislava  |c 2017 
300 |a 71 s. 
100 1 |a Durilová, Veronika 
700 1 |a Smorada, Marián, 1984- 
710 2 |a Fakulta podnikového manažmentu EU. Katedra podnikových financií